00412 2200169 4500245004800000020002200048250001100070100001800081700001900099650001600118005001900134260002900153041001400182084001100196300002600207336000900233 aThis Is Why I Need YoucBrian KhrisnahText a978-979-794-577-0 aCet. 1 aBrian Khrisna aJuliagar R. N. aNovel Fiksi a20230125072654 aJakartabMediakitac2019 aIndonesia a808.83 ax, 594 hlm. :c19 cm. atext